[Event "Catalunya-chB"]
[Site "Spain"]
[Date "1996.11.03"]
[Round "5"]
[White "Heredia Tarrats, Moises"]
[Black "Jerez Soriano, Antonio"]
[Result "0-1"]
[WhiteElo "2035"]
[BlackElo "2025"]
[PlyCount "50"]
[EventDate "1997.??.??"]
[EventType "swiss"]
[EventRounds "8"]
[EventCountry "ESP"]
[SourceTitle "EXT 2003"]
[Source "ChessBase"]
[SourceDate "2002.11.25"]
[SourceVersion "1"]
[SourceVersionDate "2002.11.25"]
[SourceQuality "1"]

1. e4 Nc6 2. d4 d5 3. e5 Bf5 4. c3 e6 5. Be3 Be7 6. Nd2 f6 7. f4 Nh6 8. Be2 0-0 9. g4 Bg6 10. Nh3 fxe5 11. fxe5 Bh4+ 12. Bf2 Bxf2+ 13. Nxf2 Qg5 14. Nf3 Qe3 15. Qd2 Rxf3 16. Qxe3 Rxe3 17. Kd2 Rxe2+ 18. Kxe2 Rf8 19. Raf1 Ne7 20. h4 b6 21. b4 Be8 22. Rfg1 Nf7 23. g5 c5 24. h5 cxd4 25. cxd4 Nc6 0-1